|
|
แสดงรายละเอียดบรรณานุกรม |
|
|
Brief Record
: Get Marc (ISO 2709)
: E-mail record
: |
|
|
| LEADER 00000nam 2200000uu 4500 | |||
| 001 206143 | |||
| 003 ULIBM | |||
| 008 110622s2007||||th 000 0 tha d | |||
| 020 978-0-07-146288-2 | |||
| 060 0 WM 40 C337 2007 | |||
| 245 00 ^aCase files : psychiatry./^b[edited by] Eugene C. Toy, Debra Klamen. | |||
| 250 ^a2 nd ed. | |||
| 260 ^aNew York :^bMC graw hill,^c2007. | |||
| 300 ^a 464 p. ;^bill. | |||
| 650 0 ^aMental Disorders - - ^xtherapy - - ^xcase report. | |||
| 650 0 ^aPsychology Clinical - - ^xcase report. | |||
| 700 0 ^aToy, Eugene C. | |||
| 999 ^aใช้งานได้ทุกระบบ | |||
| คุณยังไม่ได้ล็อกอิน คุณสามารถมีกิจกรรมร่วมกับเว็บไซต์ได้ แต่ต้องล็อกอินก่อน :: |
|
| สถานะ | |||||||||
| 1. | หนังสือทั่วไป | WM 40 C337 2007 | On Shelf ขอยืม | ||||||
| 2. | หนังสือทั่วไป | WM 40 C337 2007 ฉ.2 | On Shelf ขอยืม | ||||||
| 3. | หนังสือทั่วไป | WM 40 C337 2007 ฉ.3 | On Shelf ขอยืม | ||||||
| [แสดง 3/3 รายการ] | |||||||||
BibComment |
| คอมเมนท์ทรัพยากรรายการนี้ |
|
|